000 00193 a2200097 4500
001 20056
100 _aKane T R
245 _aDynamics
260 _a
_bHolt Rinehart
_c
090 _c14650
_d14650
942 _aNUST-CAE
_cM
_c5170
999 _c255129
_d255129